| 000 | 00809nam a2200205 i 4500 | ||
|---|---|---|---|
| 001 | 79493 | ||
| 003 | ES-MaACL | ||
| 005 | 20250829124026.0 | ||
| 007 | t| | ||
| 008 | 041021s1947 sp f |||| |dspa d | ||
| 100 | 1 |
_aHernández Rodríguez, Emilio. _963040 |
|
| 245 | 1 | 4 |
_aLas ideas pedagógicas del Dr. Pedro López de Montoya _b: comentario a nuestra pedagogía del s.XVI / _cpor Emilio Hernández Rodríguez. |
| 260 |
_aMadrid : _b[s.n., _c1947] ( _fOrbe) |
||
| 300 |
_a419 p., 4 lám. ; _c22 cm. |
||
| 594 | _aPrecede al tít.: Consejo Superior de Investigaciones Científicas. Instituto San José de Calasanz de Pedagogía. | ||
| 600 | 1 | 4 |
_aLópez de Montoya, Pedro. _9163178 |
| 710 | 2 |
_aInstituto San José de Calasanz de Pedagogía _9163009 |
|
| 852 |
_aES-MaACL _jC-4385 |
||
| 999 |
_c79493 _d79493 |
||